O Little Town of Bethlehem - Lyrics - Statistics

General Stats
  • This quiz has been taken 88 times
  • The average score is 15 of 24
Answer Stats
Lyrics % Correct
O little town of {Bethlehem}
100%
O Holy child of {Bethlehem}
95%
The silent stars go {by}
85%
The everlasting {Light}
84%
Above thy deep and dreamless {sleep}
82%
Are met in thee {tonight}
79%
The hopes and fears of all the {years}
79%
How still we see thee {lie}!
74%
And peace to men on {Earth}
73%
O come to us, abide with {us}
66%
And praises sing to God the {King}
64%
Cast out our sin and enter {in}
62%
While mortals sleep, the angels {keep}
62%
Yet in thy dark streets {shineth}
61%
For Christ is born of {Mary}
58%
Be born in us {today}
56%
Descend to us, we {pray}!
56%
Our Lord {Emmanuel}
47%
Proclaim the holy {birth}!
47%
Thier watch of wondering {love}
40%
The great glad tidings {tell}:
36%
And gathered all {above}
35%
We hear the Christmas {angels}
35%
O morning stars {together}
29%
No matching quizzes found
Score Distribution
Percent of People with Each Score
Percentile by Number Answered
Your Score History
You have not taken this quiz